Quo vadis výchova v čase mimo vyučovania

Bibliographic Details
Main Author: Sobihardová, Ľubica (Author)
Format: Article
Language:Slovak
Subjects:

MARC

LEADER 00000nab a2200000 a 4500
001 vtls000436247
003 SK-MaSNL
005 20260303161059.0
008 230223c1991 xo 0 slo
015 |a SNBRB19rr/mm-uuuuu 
035 |a CL0436375 
035 |a urn:nbn:sk:snk-ab7eok 
035 |a (urnnbn)urn:nbn:sk:snk:ar-005a3n 
035 |a (uuid)ed995930-c1fb-4f20-8145-02ec4a203fcc 
040 |a SNKBUCL  |b slo  |c SNKBUCL  |e AACR2 
041 0 |a slo 
044 |a xo  |c SK 
080 |a 374.1  |2 1981 
080 |a 379.8  |2 1981 
100 1 |a Sobihardová, Ľubica  |4 aut  |9 9094 
245 1 0 |a Quo vadis výchova v čase mimo vyučovania  |c Ľ. Sobihardová 
650 0 7 |a výchova mimo vyučovania  |2 snkbucl  |9 872201 
655 7 |a články z novín a časopisov  |2 snkbucl  |9 267496 
773 0 |t Pedagogická revue  |g Roč. 43, č. 8 (1991), s. 632-634 
850 |a Slovenská národná knižnica v Martine  |a MTA001 
852 |a SNK  |b KIS3GCP 
954 |a odborná, vedecká literatúra pôvodná (slovenská)  |2 lita 
957 |a 5100 
958 |a RK 
958 |a OND 
958 |a EUIPO 
958 |a article7 
992 |a RBX 
999 |c 2048197  |d 2050127